Buildings for commerce and industry / (Record no. 25473)

000 -LEADER
fixed length control field 00943cam a2200289 i 4500
001 - CONTROL NUMBER
control field 2262986
005 - DATE AND TIME OF LATEST TRANSACTION
control field 20170131122608.0
008 - FIXED-LENGTH DATA ELEMENTS--GENERAL INFORMATION
fixed length control field 780202s1978 nyua 001 0 eng
010 ## - LIBRARY OF CONGRESS CONTROL NUMBER
LC control number 78001421
020 ## - INTERNATIONAL STANDARD BOOK NUMBER
International Standard Book Number 0070023298 :
Terms of availability $22.50
040 ## - CATALOGING SOURCE
Original cataloging agency DLC
Transcribing agency DLC
Modifying agency DLC
043 ## - GEOGRAPHIC AREA CODE
Geographic area code n-us---
050 00 - LIBRARY OF CONGRESS CALL NUMBER
Classification number NA6212
Item number .B84 1978
245 00 - TITLE STATEMENT
Title Buildings for commerce and industry /
Statement of responsibility, etc. edited by Charles King Hoyt.
260 ## - PUBLICATION, DISTRIBUTION, ETC. (IMPRINT)
Place of publication, distribution, etc. New York :
Name of publisher, distributor, etc. McGraw-Hill,
Date of publication, distribution, etc. c1978.
300 ## - PHYSICAL DESCRIPTION
Extent ix, 228 p. :
Other physical details ill. (some col.) ;
Dimensions 31 cm.
500 ## - GENERAL NOTE
General note "An Architectural record book."
500 ## - GENERAL NOTE
General note Includes index.
650 #0 - SUBJECT ADDED ENTRY--TOPICAL TERM
Topical term or geographic name as entry element Commercial buildings
Geographic subdivision United States.
650 #0 - SUBJECT ADDED ENTRY--TOPICAL TERM
Topical term or geographic name as entry element Office buildings
Geographic subdivision United States.
700 1# - ADDED ENTRY--PERSONAL NAME
Personal name Hoyt, Charles King.
710 2# - ADDED ENTRY--CORPORATE NAME
Corporate name or jurisdiction name as entry element Architectural record.
942 ## - ADDED ENTRY ELEMENTS (KOHA)
Source of classification or shelving scheme
Koha item type Hard Covered Materials
Classification part NA6212 .B84 1978
Holdings
Withdrawn status Lost status Source of classification or shelving scheme Damaged status Not for loan Home library Current library Shelving location Date acquired Source of acquisition Total Checkouts Full call number Barcode Date last seen Price effective from Koha item type
          MACHAKOS UNIVERSITY LIBRARY MACHAKOS UNIVERSITY LIBRARY Technical section 31/01/2017 Donation(BFA)   NA6212 .B84 1978 33447 27/07/2018 31/01/2017 Hard Covered Materials
© Machakos University Library, Along The Highway, Machakos Wote Rd, Machakos, Kenya P.O. Box 136 - 90100 Machakos - Kenya

Tel: ( +254 ) 723 805829 OR Fax : 044-20353 OR Email: library@mksu.ac.ke